إعلام الموقعين عن رب العالمين / (رقم التسجيلة. 179210)
[ عرض عادي ]
| 000 -LEADER | |
|---|---|
| fixed length control field | 01347namaa2200301 i 4500 |
| 003 - CONTROL NUMBER IDENTIFIER | |
| control field | EG-GICUC |
| 005 - DATE AND TIME OF LATEST TRANSACTION | |
| control field | 20260405145753.0 |
| 008 - FIXED-LENGTH DATA ELEMENTS--GENERAL INFORMATION | |
| fixed length control field | 260405s1999 le |||jr|||| 000 0 ara d |
| 040 ## - CATALOGING SOURCE | |
| Original cataloging agency | EG-GiCUC |
| Language of cataloging | ara |
| Transcribing agency | EG-GiCUC |
| Modifying agency | EG-GiCUC |
| Description conventions | rda |
| 082 04 - DEWEY DECIMAL CLASSIFICATION NUMBER | |
| Edition number | 21 |
| Classification number | 251 |
| Item number | Q11 |
| 092 04 - LOCALLY ASSIGNED DEWEY CALL NUMBER (OCLC) | |
| Edition number | 21 |
| Classification number | 251 |
| Item number | Q11 |
| 099 ## - LOCAL FREE-TEXT CALL NUMBER (OCLC) | |
| Classification number | 251 Q11 |
| 100 1# - MAIN ENTRY--PERSONAL NAME | |
| Personal name | ابن قيم الجوزية، شمس الدين أبو عبدالله محمد بن أبي بكر، |
| Dates associated with a name | 1292-1350 |
| Relator term | مؤلف. |
| 245 1# - TITLE STATEMENT | |
| Title | إعلام الموقعين عن رب العالمين / |
| Statement of responsibility, etc. | للإمام شمس الدين أبى عبد الله محمد بن أبى بكر ابن قيم الجوزية ؛ باعتناء صدقى محمد جميل العطار. |
| 250 ## - EDITION STATEMENT | |
| Edition statement | طبعة جديدة موثقة |
| 264 ## - PRODUCTION, PUBLICATION, DISTRIBUTION, MANUFACTURE, AND COPYRIGHT NOTICE | |
| Place of production, publication, distribution, manufacture | بيروت (لبنان) : |
| Name of producer, publisher, distributor, manufacturer | دار الفكر للطباعة والنشر والتوزيع، |
| Date of production, publication, distribution, manufacture, or copyright notice | 1999. |
| 300 ## - PHYSICAL DESCRIPTION | |
| Extent | مجلدات 4 فى 2 ؛ |
| Dimensions | 25 سم |
| 336 ## - CONTENT TYPE | |
| Source | rdacontent |
| Content type term | text |
| 337 ## - MEDIA TYPE | |
| Source | rdamedia |
| Media type term | Unmediated |
| 338 ## - CARRIER TYPE | |
| Source | rdacarrier |
| Carrier type term | volume |
| 504 ## - BIBLIOGRAPHY, ETC. NOTE | |
| Bibliography, etc. note | يشتمل على ارجاعات ببليوجرافية. |
| 541 ## - IMMEDIATE SOURCE OF ACQUISITION NOTE | |
| Source of acquisition | د. جابر عصفور ؛ |
| Address | القاهرة ؛ |
| Method of acquisition | إهداء ؛ |
| Date of acquisition | 2024. |
| 650 17 - SUBJECT ADDED ENTRY--TOPICAL TERM | |
| Topical term or geographic name entry element | الفقه الاسلامى، اصول |
| Source of heading or term | qrmak |
| 651 1# - SUBJECT ADDED ENTRY--GEOGRAPHIC NAME | |
| Source of heading or term | qrmak |
| 700 1# - ADDED ENTRY--PERSONAL NAME | |
| Personal name | العطار، صدقى محمد جميل |
| 905 ## - Cataloger and Reviser Names | |
| Cataloger Name | Aya Mohamed |
| 942 ## - ADDED ENTRY ELEMENTS (KOHA) | |
| Source of classification or shelving scheme | Dewey Decimal Classification |
| Koha item type | Books |
| Edition | 21 |
| Suppress in OPAC | No |
| Withdrawn status | Lost status | Source of classification or shelving scheme | Damaged status | Not for loan | Home library | Current library | Date acquired | Inventory number | Total checkouts | Full call number | Barcode | Date last seen | Price effective from | Koha item type |
|---|---|---|---|---|---|---|---|---|---|---|---|---|---|---|
| Dewey Decimal Classification | Not for loan | المكتبة المركزبة الجديدة - جامعة القاهرة | قاعة المكتبات المهداة - الدور الرابع | 05.04.2026 | 175173 | 251 Q11 v.1,2 J.U. | 01000100175173001 | 05.04.2026 | 05.04.2026 | Books | ||||
| Dewey Decimal Classification | Not for loan | المكتبة المركزبة الجديدة - جامعة القاهرة | قاعة المكتبات المهداة - الدور الرابع | 05.04.2026 | 175173 | 251 Q11 v.3,4 J.U. | 01000100175173002 | 05.04.2026 | 05.04.2026 | Books |